000 00940nam a2200265Ia 4500
003 OSt
005 20220930092717.0
006 a|||||r|||| 00| 0
007 ta
008 220926b |||||||| |||| 00| 0 eng d
024 _a24162
037 _cTheses
040 _aCRL
_cCRL
_beng
041 _2eng
_aeng
100 _aGaba Varun
_9549551
110 _aUniversity OF Delhi. Faculty OF Medical Sciences. Department OF Periodontics
_9545294
245 0 _aEffect of Periodontal disease on electromyographic activity of muscles of mastication in function
_b A cross - sectional study
260 _c2015
650 _aDENTISTRY
700 _a Dr. Arundeep Kaur Lamba Gu.
700 _a Dr. Shruti Tandon Gu.
_9549552
700 _aUniversity OF Delhi. Faculty OF Medical Sciences. Department OF Periodontics
_9545295
942 _cDIS
_2CC
999 _c884192
_d884192